00957cam a2200265Ia 4500001000800000005001700008008004100025020001500066035002300081035001700104040001300121041001300134082001500147100002100162245010800183260004600291300003300337505014600370546002800516600004200544650002300586700002800609700002800637700002600665556403720220326193329.0051020s2005 nyua 000 0 eng d a188396718X a(OCoLC)ocm62121860 a(NNC)5564037 aVA@cVA@1 aengaspa a708bC334a aCasado, Alberto,00aAlberto Casado :btodo clandestino, todo popular /ccurator, Holly Block ; essayist, Orlando Hernandez. aNew York, N.Y. :bArt in General,cc2005. a59 p. :bcol. ill. ;c23 cm. tAgradecimientos tEl mundo de Casado tLa importancia de ser local tImagenes tEntrevista con Alberto CasadotBiografia tLista de Imagenes  aIn English and Spanish.10aCasado, Alberto,d1970-vExhibitions. aArte ModernozCuba1 aCasado, Alberto,d1970-1 aBlock, Holly, [curator]1 aHernández, Orlando.